00815nam a2200181 a 450000100100000000500170001000800410002704000250006808200140009310000340010724500710014124601130021226000320032530000200035750000540037795201850043199900170061600003412920200930070811.0110926s1992 sp 000 0 spa d aDO-SdBNPbspacBNPHU axxxbH5191 aHenríquez, Francisco95955213aLa conquista de América en 60 sonetos. /cFrancisco Henríquez.03aLa hazaña de la epíca conquista desde las playas de los hechos vistabla conquista de América, sonetos aEspaña :bVizcaya,c1992. a30 p. ;c22 cm. aPrimer premio "V centenario" el paisaje ediciones 001050718MOaGRbGRcCTd2011-09-26iLF1l0oxxx H519p34129-10r2020-06-25w2020-06-25y1zPerteneció a la biblioteca personal de Juan Isidro Jimenes Grullón.ZNo se presta c33620d33620